Normal view
MARC view
- Mubarak Puri, Safi-ur-Rehman
Entry Personal Name
001 - CONTROL NUMBER
- control field: 134127
003 - CONTROL NUMBER IDENTIFIER
- control field: NUST
005 - DATE AND TIME OF LATEST TRANSACTION
- control field: 20260415110313.0
008 - FIXED-LENGTH DATA ELEMENTS
- fixed length control field: 260415|| aca||aabn | a|a d
040 ## - CATALOGING SOURCE
- Original cataloging agency: NUST
- Transcribing agency: NUST
100 ## - HEADING--PERSONAL NAME
- Personal name: Mubarak Puri, Safi-ur-Rehman
670 ## - SOURCE DATA FOUND
- Source citation: Work cat.: (NUST)12132: Mubarak Puri, Safi-ur-Rehman, Al-Raheeq-ul-Makhtoom , 1995
